Normal view MARC view

Entry Personal Name

Number of records used in: 1

001 - CONTROL NUMBER

  • control field: 1159662

003 - CONTROL NUMBER IDENTIFIER

  • control field: OSt

005 - DATE AND TIME OF LATEST TRANSACTION

  • control field: 20260324120717.0

008 - FIXED-LENGTH DATA ELEMENTS

  • fixed length control field: 260324|| aca||aabn | a|a d

040 ## - CATALOGING SOURCE

  • Original cataloging agency: OSt
  • Transcribing agency: OSt

100 ## - HEADING--PERSONAL NAME

  • Personal name: Heung-Wah Wong; Hoi-yan Yau

670 ## - SOURCE DATA FOUND

  • Source citation: Work cat.: (OSt)1751335: Heung-Wah Wong; Hoi-yan Yau, Japanese Adult Videos in Taiwan
Copyright @ Delhi University Library System